| 000 | 00505pab a2200193 454500 | ||
|---|---|---|---|
| 008 | 180718b2009 xxu||||| |||| 00| 0 eng d | ||
| 100 | _aRamachandran, Kavil | ||
| 245 | _aGovernance challenges for family controlled firms while globalising | ||
| 260 | _c2009 | ||
| 300 | _ap.54-61. | ||
| 362 | _aJul | ||
| 650 | _aGlobalization | ||
| 650 | _aFirms | ||
| 650 | _aEnterprises | ||
| 700 | _aMarisetty, Vijaya B. | ||
| 773 | _aIndian Journal of Industrial Relations | ||
| 908 | _aN | ||
| 909 | _a83849 | ||
| 999 |
_c83849 _d83849 |
||